000 00651nam a22002537a 4500
001 BR6002708
003 BR-BrBNA
005 20230928083134.0
007 ta
008 230509b bl.||||| |||| 00| 0 por d
040 _aBR-BrBNA
_bpor
_cBiblioteca Nacional de Agricultura
041 _a(Por)
072 _aF25
090 _ F25 BR6002708
100 1 _aGranato, L.
245 1 _aA queima e seus effeitos na fertilidade do solo
260 3 _aSao Paulo, SP (Brasil):
_bTyp. Levi,
_c1918.
300 _a77 p.
650 _aFertilidade do solo
650 _aSolo
650 _aIncendio
909 _a202309
_bLucia
_c55
_dLucia Elande
942 _cBK
999 _c11778
_d11778